000 00220nam a2200097Ia 4500
100 _aBhusan/Y.K
942 _cBK
245 _aFund. of Business Org. & Management
260 _bSultan Chand & Sons
_c2001
546 _aENGLISH
999 _c25656
_d25656